000 00513nam a2200217 454500
001 054497
003 BD-ChCU
008 Eng
020 _ax
040 _aDLC
_cDLC
_dBD-ChCU
082 0 0 _a392.5/H975m
100 1 _aHutchinson,H.N.
_bx
245 1 0 _aMarrige customs of the world.
_bx
250 _ax
260 _anew delhi.
_bCrown pub.
_c1989
300 _avii,277
504 _aIncludes
650 0 _aSocial Sciences.
_bMarriage Customs and rites.
700 1 _aVir,Dharam.
942 _2ddc
_cBK
999 _c54497
_d54497